Movies Quiz

Random Movies or Animation Quiz

Pixar Short Films Quiz Stats

 Plays Quiz Updated Feb 26, 2020

Support Sporcle.
Go Orange.
Score 0/17 Timer 04:00
0 Plays Today
Year Short % Correct
2015Lava
63.3%
2018Bao
60.1%
2016Piper
54.3%
2000For the Birds
47.6%
2003Boundin'
43.1%
1997Geri's Game
42.9%
2011La Luna
41.9%
2013The Blue Umbrella
41.5%
2005One Man Band
40.9%
Year Short % Correct
1989Knick Knack
38.7%
2008Presto
36.9%
1988Tin Toy
36.4%
2015Sanjay's Super Team
35.1%
2006Lifted
34%
1986Luxo Jr.
31.9%
2010Day & Night
29.2%
2009Partly Cloudy
24.3%

From the Vault

Fast Math III

by SporcleEXP

Science 2m
If you're not careful, your brain might end up a little crispy in the end.
Remove Ads.
Support Sporcle.
Get the best of Sporcle when you Go Orange. This ad-free experience offers more features, more stats, and more fun while also helping to support Sporcle. Thank you for becoming a member.

Show Comments

Extras

Top Quizzes Today


Score Distribution

Your Account Isn't Verified!

In order to create a playlist on Sporcle, you need to verify the email address you used during registration. Go to your Sporcle Settings to finish the process.

Report this User

Report this user for behavior that violates our Community Guidelines.

Details: